[Event "Rheinhessen-ch U14"]
[Site "Heidesheim"]
[Date "2013.01.19"]
[Round "6.4"]
[White "Balouchev, Boian"]
[Black "Liedel, Linda"]
[Result "1/2-1/2"]
[WhiteElo "1070"]
[BlackElo "898"]
[PlyCount "75"]
[EventDate "2013.01.19"]
[EventType "swiss"]
[EventRounds "7"]
[EventCountry "GER"]
[SourceTitle "EXT 2014"]
[Source "ChessBase"]
[SourceDate "2013.11.20"]
[SourceVersion "1"]
[SourceVersionDate "2013.11.20"]
[SourceQuality "1"]

1. c4 e5 2. e3 g6 3. Qc2 Bg7 4. Bd3 Nf6 5. Nc3 d6 6. b3 Nc6 7. a3 a5 8. Bb2 0-0 9. Nf3 Nh5 10. h3 Nf6 11. Ne4 Nxe4 12. Bxe4 Bd7 13. h4 f5 14. Bd5+ Kh8 15. Ng5 Rf6 16. h5 Be8 17. hxg6 Bxg6 18. g4 Qd7 19. Ke2 h6 20. f4 Bf7 21. gxf5 Bxd5 22. cxd5 Ne7 23. fxe5 Qxf5 24. Qxf5 Rxf5 25. Ne6 dxe5 26. e4 Rf7 27. Nxg7 Kxg7 28. Bxe5+ Kg6 29. Bxc7 Nxd5 30. Bxa5 Rxa5 31. exd5 Rxd5 32. Rag1+ Rg5 33. Rxg5+ hxg5 34. Rf1 Re7+ 35. Kf2 Rc7 36. Kg3 Rc2 37. d4 Rd2 38. Re1 1/2-1/2

[Event "Rheinhessen-ch U14"]
[Site "Heidesheim"]
[Date "2013.01.19"]
[Round "7.5"]
[White "Cavlan, Mustafa"]
[Black "Balouchev, Boian"]
[Result "1/2-1/2"]
[WhiteElo "1001"]
[BlackElo "1070"]
[PlyCount "39"]
[EventDate "2013.01.19"]
[EventType "swiss"]
[EventRounds "7"]
[EventCountry "GER"]
[SourceTitle "EXT 2014"]
[Source "ChessBase"]
[SourceDate "2013.11.20"]
[SourceVersion "1"]
[SourceVersionDate "2013.11.20"]
[SourceQuality "1"]

1. c4 Nf6 2. Nc3 g6 3. g3 Bg7 4. d4 Nc6 5. Nf3 e6 6. Bg5 d5 7. c5 b6 8. cxb6 axb6 9. Ne5 Qd6 10. Bf4 Nxe5 11. dxe5 Qb4 12. exf6 Bxf6 13. Qc2 d4 14. a3 dxc3 15. axb4 Rxa1+ 16. Bc1 cxb2 17. Bg2 bxc1Q+ 18. Qxc1 Rxc1+ 19. Kd2 Rxh1 20. Bxh1 1/2-1/2